<?xml version="1.0" encoding="UTF-8"?>
<collection xmlns="http://www.loc.gov/MARC21/slim">
    <record>
        <controlfield tag="001">69419</controlfield>
        <controlfield tag="005">20180310132129.0</controlfield>
        <datafield tag="024" ind1="8" ind2=" ">
            <subfield code="2">sideral</subfield>
            <subfield code="a">92394</subfield>
        </datafield>
        <datafield tag="037" ind1=" " ind2=" ">
            <subfield code="a">ART-2015-92394</subfield>
        </datafield>
        <datafield tag="041" ind1=" " ind2=" ">
            <subfield code="a">spa</subfield>
        </datafield>
        <datafield tag="100" ind1=" " ind2=" ">
            <subfield code="a">Meavilla Seguí, Vicente</subfield>
        </datafield>
        <datafield tag="245" ind1=" " ind2=" ">
            <subfield code="a">Los textos matemáticos de Antonio Terry y Rivas</subfield>
        </datafield>
        <datafield tag="260" ind1=" " ind2=" ">
            <subfield code="c">2015</subfield>
        </datafield>
        <datafield tag="506" ind1="0" ind2=" ">
            <subfield code="a">Access copy available to the general public</subfield>
            <subfield code="f">Unrestricted</subfield>
        </datafield>
        <datafield tag="520" ind1="3" ind2=" ">
            <subfield code="a">El siglo XIX, y en particular su último tercio, fue un periodo prolífico en cuanto a la producción de textos matemáticos de autores españoles, muchos de los cuales profesaron la carrera militar y escribían para alumnos militares. Uno de ellos fue Antonio Terry y Rivas, andaluz, marino, académico y senador, que escribió libros de problemas resueltos de Álgebra, Aritmética, Geometría y Trigonometría. En este artículo ofrecemos la descripción de dichos manuales, convencidos de que materiales de este tipo pueden resultar de utilidad para los historiadores de la educación matemática en España.   XIX century, and particularly its last third, was a prolific period regarding the production of mathematical texts by Spanish authors, many of which were professional military and wrote for military students. One of them was Antonio Terry y Rivas, Andalusian, sailor, academic and senator, who wrote books of solved problems about Algebra, Arithmetic, Geometry and Trigonometry. In this paper we present a description of those manuals, in the belief that this kind of material might be useful for historians of Mathematics Education.</subfield>
        </datafield>
        <datafield tag="540" ind1=" " ind2=" ">
            <subfield code="9">info:eu-repo/semantics/openAccess</subfield>
            <subfield code="a">All rights reserved</subfield>
            <subfield code="u">http://www.europeana.eu/rights/rr-f/</subfield>
        </datafield>
        <datafield tag="655" ind1=" " ind2="4">
            <subfield code="a">info:eu-repo/semantics/article</subfield>
            <subfield code="v">info:eu-repo/semantics/publishedVersion</subfield>
        </datafield>
        <datafield tag="700" ind1=" " ind2=" ">
            <subfield code="0">(orcid)0000-0002-8191-3199</subfield>
            <subfield code="a">Oller Marcen, Antonio Miguel</subfield>
        </datafield>
        <datafield tag="773" ind1=" " ind2=" ">
            <subfield code="g">90 (2015), 89-103</subfield>
            <subfield code="p">Números (La Laguna)</subfield>
            <subfield code="t">Números : Revista de Didáctica de la Matemáticas</subfield>
            <subfield code="x">1887-1984</subfield>
        </datafield>
        <datafield tag="856" ind1="4" ind2="1">
            <subfield code="u">http://www.sinewton.org/numeros/numeros/90/Articulos_06.pdf</subfield>
            <subfield code="z">Texto completo de la revista</subfield>
        </datafield>
        <datafield tag="856" ind1="4" ind2=" ">
            <subfield code="s">669471</subfield>
            <subfield code="u">http://zaguan.unizar.es/record/69419/files/texto_completo.pdf</subfield>
            <subfield code="y">Versión publicada</subfield>
        </datafield>
        <datafield tag="856" ind1="4" ind2=" ">
            <subfield code="s">82630</subfield>
            <subfield code="u">http://zaguan.unizar.es/record/69419/files/texto_completo.jpg?subformat=icon</subfield>
            <subfield code="x">icon</subfield>
            <subfield code="y">Versión publicada</subfield>
        </datafield>
        <datafield tag="909" ind1="C" ind2="O">
            <subfield code="o">oai:zaguan.unizar.es:69419</subfield>
            <subfield code="p">articulos</subfield>
            <subfield code="p">driver</subfield>
        </datafield>
        <datafield tag="951" ind1=" " ind2=" ">
            <subfield code="a">2018-03-09-14:55:27</subfield>
        </datafield>
        <datafield tag="980" ind1=" " ind2=" ">
            <subfield code="a">ARTICLE</subfield>
        </datafield>
    </record>

    
</collection>